000 00524nam a2200121Ia 4500
008 220620s9999||||xx |||||||||||||| ||und||
100 _aPankaj Kumar Choudhury
245 0 _aLiquid Crystals - Recent Advancements in Fundamental and Device Technologies
546 _aEnglish[eng]
650 _aPhysical Sciences||Engineering and Technology||Chemistry||Physical Chemistry||Surface Chemistry
856 _uhttps://www.intechopen.com/books/liquid-crystals-recent-advancements-in-fundamental-and-device-technologies
942 _cEB
999 _c29372
_d29372